000 00273nam a22001217a 4500
082 _a894.812.3
_bABH/E
100 _aABRAHAM
245 _aENGLANDILE NADODIKATHAKAL
260 _aTHRISSUR
_bH&C PUBLISHING HOUSE
_c2008
300 _a63
650 _aSTORY
_zKERALA
942 _cBK
999 _c1786
_d1786